|
|
|
|
| LEADER |
00000nam1a2200000 4500 |
| 001 |
108071 |
| 005 |
20251215163216.0 |
| 035 |
|
|
|a (RuTPU)RU\TPU\book\116664
|
| 090 |
|
|
|a 108071
|
| 100 |
|
|
|a 20070112d2006 m y0rusy50 ca
|
| 101 |
0 |
|
|a rus
|
| 102 |
|
|
|a RU
|
| 200 |
1 |
|
|a Сводный каталог сериальных изданий России (1801-1825)
|f Российская национальная библиотека; Российская государственная библиотека
|
| 210 |
|
|
|a СПб.
|c Изд-во РАН
|d 2006
|
| 712 |
0 |
2 |
|a Российская национальная библиотека
|c (Санкт-Петербург)
|c (1992- )
|9 23226
|
| 712 |
0 |
2 |
|a Российская государственная библиотека
|9 23386
|
| 712 |
0 |
2 |
|a Государственная публичная историческая библиотека России
|c Москва
|c 1991-
|9 23606
|
| 712 |
0 |
2 |
|a Российская академия наук
|b Библиотека
|c (Санкт-Петербург)
|9 24847
|
| 801 |
|
1 |
|a RU
|b 63413507
|c 20070112
|g PSBO
|
| 801 |
|
2 |
|a RU
|b 63413507
|c 20081212
|g PSBO
|
| 942 |
|
|
|c BK
|